000 01458nam a2200361 i 4500
001 37496
003 Mx-PuUPA
005 20251112150405.0
008 140415s2020 mx a gr 001 0 spa d
020 _a9786079851705
040 _cMx-PuUPA
_aMx-PuUPA
_bspa
_dMx-PuUPA
_erda
041 0 _aspa
100 1 _aCastellanos, Javier Z.,
_eautor
_917695
245 1 0 _a¿Cómo crece y se nutre una planta de maíz? /
_cJavier Z. Castellanos, Jorge D. Etchevers Barra, Miguel Peña Datoli, [y otros cinco], autores
250 _aSegunda edición /
_bjulio
264 1 _aGuanajuato, México :
_bFertilab,
_c2020
300 _axi, 138 páginas :
_bilustraciones, fotografías (a color) ;
_c29 cm +
_e1 hoja numerada
336 _2rdacontent
_atexto
_btxt
337 _2rdamedia
_asin medio
_bn
338 _2rdacarrier
_avolumen
_bnc
650 7 _2armarc
_aMaíz
_xDesarrollo
650 7 _2armarc
_aMaíz
_xPlantas
_xNutrición
650 7 _2armarc
_aMaíz híbrido
650 7 _2armarc
_aFisiología vegetal
650 7 _2armarc
_aCrecimiento (Plantas)
_xMaíz
700 1 _aEtchevers Barra, Jorge D.,
_eautor
700 1 _aPeña Datoli, Miguel,
_eautor
942 _2ddc
_cLI
_h633.158
_iC33
999 _c37496
_d37496